000 00392nam a2200109 a 4500
005 20201002045329.0
008 140626s2011 000 spa d
020 _a9789945869675
245 0 _aPlan nacional para la reducción del riesgo sísmico en la República Dominicana.
260 _aSanto Domingo -- Ministerio de Economía, Planificación y Desarrollo,
_c2011 -- 80 p.
999 _c43863
_d43863
040 _aDO-SdBNP